[Event "28. O. Senioren-LEM Sachsen-Anhalt 2020"]
[Site "Magdeburg"]
[Date "2020.08.05"]
[Round "3.28"]
[White "Nowack, Achim"]
[Black "Langner, Hans-Rainer"]
[Result "1/2-1/2"]
[WhiteElo "1736"]
[BlackElo "1612"]
[PlyCount "42"]
[EventDate "2020.??.??"]
[WhiteTeam "SK Kaltenkirchen"]
[BlackTeam "Tempelhofer SV Mariendorf 1897"]

1. e4 c5 2. c3 e6 3. Nf3 a6 4. a4 Nc6 5. Be2 d5 6. exd5 exd5 7. d4 h6 8. O-O
Nf6 9. Re1 Be6 10. Bf4 g5 11. Be5 Nxe5 12. Nxe5 h5 13. a5 Bd6 14. Qa4+ Ke7 15.
b4 c4 16. Nd2 g4 17. Qc2 Bxe5 18. dxe5 Nd7 19. f4 gxf3 20. Nxf3 Qc7 21. Qd1
Nxe5 1/2-1/2

[Event "28. O. Senioren-LEM Sachsen-Anhalt 2020"]
[Site "Magdeburg"]
[Date "2020.08.05"]
[Round "3.29"]
[White "Brandt, Joachim"]
[Black "Ehrich, Dieter"]
[Result "1-0"]
[WhiteElo "1723"]
[BlackElo "1587"]
[PlyCount "97"]
[EventDate "2020.??.??"]
[WhiteTeam "Union 1861 Schönebeck"]
[BlackTeam "PSV Ribnitz-Damgarten"]

1. e4 c5 2. Nc3 d6 3. f4 g6 4. Nf3 Nc6 5. Bb5 Bd7 6. a4 Bg7 7. O-O Nf6 8. d3
O-O 9. Bd2 e5 10. Bxc6 Bxc6 11. fxe5 dxe5 12. Qe1 Nd7 13. Qg3 Qe7 14. Nd1 c4
15. Ne3 cxd3 16. cxd3 Kh8 17. b4 b5 18. axb5 Bxb5 19. Nd5 Qd6 20. Qh3 Qe6 21.
g4 h5 22. Ng5 Qxg4+ 23. Qxg4 hxg4 24. Nxf7+ Kg8 25. Ne7+ Kh7 26. Ng5+ Kh8 27.
Nxg6+ Kg8 28. Nxf8 Nxf8 29. Ra3 Rd8 30. Rxa7 Rxd3 31. Be1 Re3 32. Rxf8+ Bxf8
33. Bf2 Rc3 34. Ra8 Rc1+ 35. Kg2 Bf1+ 36. Kg3 Rc3+ 37. Kh4 Rc6 38. Bc5 Rh6+ 39.
Kxg4 Be2+ 40. Kf5 Rxh2 41. Rxf8+ Kg7 42. Rf7+ Kg8 43. Kxe5 Rh5 44. Rf8+ Kg7 45.
Kf5 Bd3 46. Kg4 Rh1 47. Ne6+ Kh7 48. Bd4 Rg1+ 49. Bxg1 1-0

[Event "28. O. Senioren-LEM Sachsen-Anhalt 2020"]
[Site "Magdeburg"]
[Date "2020.08.05"]
[Round "3.30"]
[White "Wraga, Hermann"]
[Black "Langbein, Wolfgang"]
[Result "0-1"]
[WhiteElo "1632"]
[BlackElo "1279"]
[PlyCount "76"]
[EventDate "2020.??.??"]
[WhiteTeam "SG Osnabrück"]
[BlackTeam "PSV Ribnitz-Damgarten"]

1. e4 c5 2. d3 e6 3. g3 d5 4. Nd2 Nc6 5. Ngf3 Bd6 6. Bg2 Nf6 7. O-O O-O 8. Re1
Qc7 9. c3 Rd8 10. Qc2 b6 11. a3 Ng4 12. Nf1 Nge5 13. Nxe5 Bxe5 14. f4 Bf6 15.
exd5 exd5 16. Bd2 Be6 17. Rac1 Rac8 18. Bf3 Qd7 19. Qd1 g6 20. Be3 h5 21. Qe2
Kg7 22. h4 d4 23. cxd4 Nxd4 24. Bxd4 Qxd4+ 25. Kg2 Qxd3 26. Rc2 Qxe2+ 27. Rcxe2
c4 28. Rc1 Rd3 29. Rec2 b5 30. Be4 Rb3 31. Bb7 Rc7 32. Be4 a5 33. Nd2 Rxb2 34.
Nb1 Rxc2+ 35. Rxc2 b4 36. axb4 axb4 37. Nd2 c3 38. Nf3 b3 0-1

[Event "Magdeburg"]
[Site "Magdeburg"]
[Date "2020.08.05"]
[Round "3.31"]
[White "Mohs, Rolf"]
[Black "Wraga, Teresa"]
[Result "1-0"]
[WhiteElo "1730"]
[BlackElo "1596"]
[Annotator "Michalek,Martin"]
[PlyCount "40"]
[EventDate "2020.??.??"]
[WhiteTeam "SV Aufbau Bernburg"]
[BlackTeam "SG Osnabrück"]

{[%evp 0,32,58,42,69,13,56,60,87,80,59,59,37,31,56,54,62,11,61,62,67,67,112,74,
98,31,108,108,113,54,31,-27,-26,-49,20]} 1. d4 d6 2. c4 f5 3. Nf3 g6 4. Nc3 Nf6
5. Bg5 Bg7 6. Qb3 O-O 7. e3 h6 8. Bh4 Kh7 9. Bd3 c6 10. O-O Qc7 11. Rfe1 Be6
12. Rac1 Qd7 13. d5 Bf7 14. Bg3 Na6 15. Bb1 Nc5 16. Qd1 Nh5 17. Nh4 Bf6 18. e4
fxe4 19. Nxe4 Bxb2 20. Rc2 Bf6 1-0

[Event "28. O. Senioren-LEM Sachsen-Anhalt 2020"]
[Site "Magdeburg"]
[Date "2020.08.05"]
[Round "3.32"]
[White "Conrad, Heidrun"]
[Black "Gismann, Jürgen"]
[Result "1/2-1/2"]
[WhiteElo "1496"]
[BlackElo "1721"]
[PlyCount "121"]
[EventDate "2020.??.??"]
[WhiteTeam "SF Turm 2000 Wahrburg"]
[BlackTeam "USC Magdeburg"]

1. e4 d6 2. d4 Nf6 3. Nc3 g6 4. h3 Bg7 5. Bd3 O-O 6. Nge2 Nbd7 7. O-O e5 8. Bc4
exd4 9. Nxd4 Re8 10. Re1 Ne5 11. Bb3 Bd7 12. Bg5 Qc8 13. Re3 Rf8 14. Nd5 Nxd5
15. Bxd5 Be6 16. Nxe6 fxe6 17. Bb3 Kh8 18. c3 Nc6 19. Rf3 e5 20. Qd3 h6 21. Bd2
Qd8 22. Re1 Rxf3 23. Qxf3 Qe7 24. Qf7 Kh7 25. Qd5 Rf8 26. Be3 a6 27. c4 Nd8 28.
c5 Nc6 29. cxd6 cxd6 30. Qe6 Qxe6 31. Bxe6 Nd4 32. Rd1 Nxe6 33. Rxd6 Ng5 34. f3
Rc8 35. h4 Nf7 36. Rd7 Nd8 37. Bb6 Nc6 38. Rxb7 Rb8 39. Rxb8 Nxb8 40. b4 Nd7
41. Be3 Bf8 42. a3 Nb8 43. Kf2 Nc6 44. g3 Be7 45. f4 exf4 46. Bxf4 Nd4 47. Be5
Nb5 48. a4 Nd6 49. Kf3 Nc4 50. Bc3 Kg8 51. e5 Kf7 52. Ke4 Ke6 53. b5 axb5 54.
axb5 Bc5 55. g4 h5 56. gxh5 gxh5 57. Kf4 Be7 58. b6 Nxb6 59. Bd4 Bd8 60. Bxb6
Bxb6 61. Kg5 1/2-1/2

[Event "28. O. Senioren-LEM Sachsen-Anhalt 2020"]
[Site "Magdeburg"]
[Date "2020.08.05"]
[Round "3.33"]
[White "Rudolph, Karl-Heinz"]
[Black "Ludwig, Siegfried"]
[Result "1-0"]
[WhiteElo "1701"]
[BlackElo "1571"]
[PlyCount "57"]
[EventDate "2020.??.??"]
[WhiteTeam "SV Irxleben von 1919"]
[BlackTeam "GSV Hemmingen"]

1. e4 e5 2. f4 exf4 3. Nf3 d6 4. Bc4 h6 5. h4 Bg4 6. d4 h5 7. Bxf4 Be7 8. Bg3
Nf6 9. Qd3 Nc6 10. c3 d5 11. exd5 Nxd5 12. Nbd2 g6 13. Ne5 Bf5 14. Qf3 Nxe5 15.
Bxe5 f6 16. Bxd5 fxe5 17. Bxb7 Rb8 18. dxe5 Rf8 19. Qc6+ Qd7 20. Qa6 Kf7 21.
O-O-O Qd3 22. Qxd3 Bxd3 23. Bd5+ Kg7 24. Nf3 Be2 25. Rd2 Bb5 26. Nd4 Rf1+ 27.
Rxf1 Bxf1 28. Rf2 Ba6 29. Rf7+ 1-0

[Event "28. O. Senioren-LEM Sachsen-Anhalt 2020"]
[Site "Magdeburg"]
[Date "2020.08.05"]
[Round "3.35"]
[White "Krause, Werner"]
[Black "Geibel, Henning"]
[Result "1/2-1/2"]
[WhiteElo "1617"]
[BlackElo "1377"]
[PlyCount "72"]
[EventDate "2020.??.??"]
[WhiteTeam "Königsspr. SC.1984"]
[BlackTeam "SV Bargteheide"]

1. e4 e5 2. Nf3 d6 3. d4 exd4 4. Nxd4 Nf6 5. Nc3 Be7 6. Be2 O-O 7. O-O c6 8.
Be3 Nbd7 9. f4 Nc5 10. Bd3 Bg4 11. Qe1 Nxd3 12. cxd3 a6 13. h3 Bd7 14. e5 Nd5
15. Nxd5 cxd5 16. Rc1 dxe5 17. fxe5 Bg5 18. Nf3 Be7 19. d4 Bb5 20. Rf2 Bc4 21.
b3 Bd3 22. Qd2 Be4 23. Ng5 Bg6 24. Rcf1 h6 25. Nf3 a5 26. Qb2 Rc8 27. Rc1 Rxc1+
28. Qxc1 Qd7 29. Qb2 Rc8 30. Ne1 Bb4 31. Qe2 Rc3 32. Bd2 Rg3 33. Bxb4 axb4 34.
Kh2 Rc3 35. Qd2 Qc6 36. Rf3 Rxf3 1/2-1/2